ঢাকা বিশ্ববিদ্যালয়ের গণহত্যা: (Record no. 76312)
[ view plain ]
| 000 -LEADER | |
|---|---|
| fixed length control field | 00945nam a22002297a 4500 |
| 001 - CONTROL NUMBER | |
| control field | 76312 |
| 003 - CONTROL NUMBER IDENTIFIER | |
| rucl marc code | BD-RjUL |
| 005 - DATE AND TIME OF LATEST TRANSACTION | |
| control field | 20211209082826.0 |
| 008 - FIXED-LENGTH DATA ELEMENTS--GENERAL INFORMATION | |
| fixed length control field | 191123s2019 bg ||||| |||| 00| 0 ben d |
| 020 ## - INTERNATIONAL STANDARD BOOK NUMBER | |
| International Standard Book Number | 9789840421602 |
| 035 ## - SYSTEM CONTROL NUMBER | |
| System control number | (BD-RjUL)76533 |
| 040 ## - CATALOGING SOURCE | |
| Original cataloging agency | BD-RjUL |
| Language of cataloging | eng |
| Transcribing agency | BD-RjUL |
| 041 ## - LANGUAGE CODE | |
| Language code of text/sound track or separate title | eng |
| 082 ## - DEWEY DECIMAL CLASSIFICATION NUMBER | |
| Edition number | 23 |
| Classification number | 954.9205 |
| Author mark and year | DHA 2019 |
| 245 00 - TITLE STATEMENT | |
| Title | ঢাকা বিশ্ববিদ্যালয়ের গণহত্যা: |
| Remainder of title | ১৯৭১ / |
| Statement of responsibility, etc. | সংকলন ও সম্পাদনা রতনলাল চক্রবর্তী |
| 260 ## - PUBLICATION, DISTRIBUTION, ETC. (IMPRINT) | |
| Place of publication, distribution, etc. | ঢাকা : |
| Name of publisher, distributor, etc. | আগামী প্রকাশনী, |
| Date of publication, distribution, etc. | ২০১৯ |
| 300 ## - PHYSICAL DESCRIPTION | |
| Pagination | ২২৭ পৃ.; |
| Size | ২৩ সেমি. |
| 650 ## - SUBJECT ADDED ENTRY--TOPICAL TERM | |
| Topical term or geographic name as entry element | মুক্তিযুদ্ধ |
| Geographic subdivision | বাংলাদেশ |
| Chronological subdivision | ১৯৭১ |
| 9 (RLIN) | 235350 |
| Topical term or geographic name as entry element | Libaretion War |
| General subdivision | Bangladesh |
| Chronological subdivision | 1971 |
| 9 (RLIN) | 122931 |
| 700 ## - ADDED ENTRY--PERSONAL NAME | |
| Personal name | চক্রবর্তী, রতনলাল |
| 942 ## - ADDED ENTRY ELEMENTS (KOHA) | |
| Source of classification or shelving scheme | Dewey Decimal Classification |
| Koha item type | Books |
| Lost status | Source of classification or shelving scheme | Damaged status | Not for loan | Collection code | Permanent Location | Current Location | Shelving location | Date acquired | Source of acquisition | Cost, normal purchase price | Total Checkouts | Full call number | Date last seen | Copy number | Koha item type |
|---|---|---|---|---|---|---|---|---|---|---|---|---|---|---|---|
| Dewey Decimal Classification | Not For Loan | Non-fiction | Central Library, University of Rajshahi | Central Library, University of Rajshahi | Reading Room | 24/09/2019 | Biddasagar, Rajshahi | 450.00 | B 954.9205 DHA 2019 | 23/11/2019 | C-1 | Books |